V Kežmarku vyrastie nová poliklinika

Bibliographic Details
Main Author: Tomalová, Jana (Author)
Format: Article
Language:Slovak
ISSN:1210-2423
Subjects:

MARC

LEADER 00000nab a2200000 r4500
001 vtls011868438
003 SK-MaSNL
005 20260303094743.0
008 190530c20190424xo wr|p|||||||000 b|slo
015 |a SNBRB2019/05 
038 |a PPPK 
040 |a PPPKCL  |b slo  |e rda 
041 0 |a slo 
043 |a e-xo--- 
044 |a xo  |c SK 
072 7 |a 614  |x Verejné zdravie a hygiena  |2 konspekt 
080 |a 614  |2 2011 
080 |a 614.212  |2 2011 
100 1 |a Tomalová, Jana  |4 aut  |9 1086271 
245 1 0 |a V Kežmarku vyrastie nová poliklinika  |c Jana Tomalová 
336 |a text  |b txt  |2 rdacontent 
337 |a bez média  |b n  |2 rdamedia 
338 |a zväzok  |b nc  |2 rdacarrier 
650 0 7 |a zdravotníctvo  |2 pppkcl  |9 1269 
650 0 7 |a polikliniky  |2 pppkcl  |9 29029 
650 0 7 |a výstavba  |2 pppkcl  |9 29373 
651 7 |a Kežmarok (Slovensko)  |2 pppkcl  |9 26808 
773 0 |t Podtatranské noviny  |g Roč. LX, č. 17 (24.4.2019), s. 1-2  |x 1210-2423 
852 |a PPPK  |b KIS3GCP 
999 |c 1822380  |d 1824310